000 00606nam a2200217Ia 4500
005 20260429112200.0
008 260429s9999||||xx |||||||||||||| ||und||
020 _a9789381891773
041 _aEnglish
082 _a628.162
_bRAY
100 _aRay, S. P. Sinha
245 0 _aGroundwater contamination of India - adverse effect on habitats /
_cS. P. Sinha Ray
250 _a1st ed.
260 _aNew Delhi :
_bCapital Publishing Company,
_c2024.
300 _axv, 352 p.; hb
650 _a Habitats
650 _a India
650 _aGroundwater
700 _a Acharyya, Achiransu
942 _cTB
999 _c52765
_d52765